MARC

LEADER 00000nam0a2200000 4500
001 310374
005 20231102002300.0
020 |a RU  |b 82-8319 
035 |a (RuTPU)RU\TPU\book\335723 
090 |a 310374 
100 |a 20151125d1982 km y0rusy5003 ca 
101 0 |a rus 
102 |a RU 
105 |a a z 001zy 
200 1 |a Основы математического моделирования больших интегральных схем на ЭВМ  |f Б. В. Баталов, Ю. Б. Егоров, С. Г. Русаков 
210 |a Москва  |c Радио и связь  |d 1982 
215 |a 168 с.  |c ил. 
320 |a Библиогр.: с. 159-166 
606 1 |a Микроэлектронные схемы интегральные большие  |2 stltpush  |3 (RuTPU)RU\TPU\subj\43859  |9 63300 
610 1 |a математическое моделирование 
610 1 |a разреженные системы 
610 1 |a системы линейных уравнений 
610 1 |a электрические характеристики 
610 1 |a БИС 
610 1 |a аппроксимация 
610 1 |a применение 
610 1 |a параметры 
610 1 |a оптимизация 
675 |a 621.382.049.771  |z rus  |v 3 
700 1 |a Баталов  |b Б. В.  |g Борис Васильевич  |4 070 
701 1 |a Егоров  |b Ю. Б.  |g Юрий Борисович 
701 1 |a Русаков  |b С. Г.  |g Сергей Григорьевич 
801 0 |a RU  |b RuMRKP  |c 19950704  |g psbo 
801 1 |a RU  |b 63413507  |c 20151125 
801 2 |a RU  |b 63413507  |c 20190904  |g RCR 
942 |c BK